Ako si účinne zabezpečiť pohľadávky posilnenie záväzku ručením ďalšej osoby a dohodnutím zmluvnej pokuty

Pokračovanie článku z predchádzajúceho čísla. Zabezpečenie záväzku ručením. Práva a povinnosti ručiteľa. Zrozumiteľnosť a určitosť zabezpečenia peňažnej povinnosti. Občiansky zákonník a porušenie zmluvnej povinnosti.

Gespeichert in:
Bibliographische Detailangaben
1. Verfasser: Zeman, Michal
Format: Buchkapitel
Sprache:Slowakisch
Schlagworte:
Tags: Tag hinzufügen
Keine Tags, Fügen Sie das erste Tag hinzu!

MARC

LEADER 00000naa a2200000 4500
001 0127010
005 20220725111310.4
041 0 |a slo 
044 |a SK 
245 1 0 |a Ako si účinne zabezpečiť pohľadávky  |b posilnenie záväzku ručením ďalšej osoby a dohodnutím zmluvnej pokuty  |c Michal Zeman 
520 |a Pokračovanie článku z predchádzajúceho čísla. Zabezpečenie záväzku ručením. Práva a povinnosti ručiteľa. Zrozumiteľnosť a určitosť zabezpečenia peňažnej povinnosti. Občiansky zákonník a porušenie zmluvnej povinnosti. 
610 2 0 |a zmluvy 
610 2 0 |a vzťahy zmluvné 
610 2 0 |a právo zmluvné 
610 2 0 |a právo záväzkové 
610 2 0 |a zabezpečenie záväzkov 
610 2 0 |a ručenie 
610 2 0 |a ručitelia 
610 2 0 |a pohľadávky 
610 2 0 |a zákonník obchodný 
610 2 0 |a zákonník občiansky 
100 1 |a Zeman, Michal